• 首页
  • 本馆介绍
  • 公告通知
  • 最新文献
  • 馆藏检索
  • 电子资源
  • 读者导购
  • 参考咨询
  • 我的图书馆
  • 登录
  • 详细信息显示
  • 放入我的书架
  • 预约/预借图书
  • 作者相关作品
  • 分类相关作品
  • 丛书相关作品
  • 出版社相关作品

书目信息

  • 表格格式
  • 工作单格式
  • 卡片格式
题名:
脉宽调制变换器型稳压电源
    
 
作者: 徐德高 , 金刚 编
分册:  
出版信息: 北京   科学出版社  1983
页数: 449页
开本: 21cm
丛书名:
单 册:
中图分类: TN787 , TM44
科图分类:
主题词: 稳压电源-脉宽调制器 , 稳定器 , 脉宽调制器-稳压电源
电子资源:
ISBN:
000 00777nam0 2200277 45
001 0183000791
005 20060424153402.40
010    @dCNY2.85
091    @a15031.499
100    @a19950626d1983 em y0chiy0121 ea
101 0  @achi
102    @aCN@b110000
105    @ay z 000yy
200 10 @a脉宽调制变换器型稳压电源@Amai kuan tiao zhi bian huan qi xing wen ya dian yuan@f徐德高,金刚编@Fxu de gao,jin gang bian
210    @a北京@c科学出版社@d1983
215    @a449页@d21cm
606    @a稳压电源-脉宽调制器
606 0  @a稳定器
606    @a脉宽调制器-稳压电源
690    @aTN787@v3 
690    @aTM44
701  0 @a徐德高@Axu de gao@4编
701  0 @a金刚@Ajin gang@4编
801  2 @aCN@bNLC@c20060424
801  0 @aCN@b上海图书馆@c20040521
905    @dTM44@e17
    
    脉宽调制变换器型稳压电源/徐德高,金刚编.-北京:科学出版社,1983
    449页;21cm
    
    
    ISBN :CNY2.85
    
●
相关链接 在E读中查询图书 在五车中查询图书 在当当中查询图书 在豆瓣中查询图书


正题名:脉宽调制变换器型稳压电源     索取号:TM44/17         预约/预借

序号 登录号 条形码 馆藏地/架位号 状态 备注
1 0160375   202282378   密集书库/ [索取号:TM44/17] 在馆    
2 0160376   001344744   第三借阅区/ [索取号:TM44/17] 在馆    
3 0160377   001344708   第二样本阅览室/ [索取号:TM44/17] 在馆    
唐山师范学院图书馆 欢迎您!
大连网信软件有限公司© 版权所有